000 02411nam a2200277 a 4500
001 000038917
005 20201002031423.0
008 150130s2012 dr acd 000 0 spa d
020 _a9789945173758 (v. 1)
020 _a9789945173796 (v. 5)
020 _a9789945173802 (v. 6)
020 _a9789945173819 (v. 7)
020 _a9789945173826 (v. 8)
040 _aDO-SdBNP
_bspa
_cBNPHU
245 0 0 _aCiencias sociales :
_beducación básica /
_cfotografías Katy León [et.al]; ilustraciones Verónica Chaves [et.al].
260 _aSanto Domingo :
_bSM,
_c2012.
300 _av. :
_bil., retrs., mapas ;
_c29 cm.
490 1 _aProyecto Sé
505 0 _gv. 1:
_tSoy especial--
_tTengo una familia--
_tMe gusta mi casa--
_tVoy al colegio--
_tCuido mi comunidad--
_tEl campo y la ciudad--
_tEl trabano es importante--
_tNuestro bello país--
_tLos símbolos patrios--
505 0 _gv. 5:
_tUn mundo de islas y continentes--
_tAmérica, nuestro continente--
_tEl espacio caribeño--
_tEl ser humano camina--
_tCivilizaciones antiguas--
_tUn recorrido por América--
_tEl mundo medieval--
_tEl encuentro de dos mundos--
_tColonización de América--
_tOrganización de la isla de Santo Domingo--
505 0 _gv. 6:
_tLa edad moderna, una nueva época--
_tConquista y colonización de América--
_tOrganización económica y social de América--
_tEl Caribe y los imperios europeos--
_tUna isla y dos naciones--
_tUna época de cambios--
_tAmérica en el siglo XVIII--
_tLa independencia de América--
_tEl camino a la Independencia Dominicana--
_tLas nuevas naciones de América--
505 0 _gv. 7:
_tLa etapa colonial--
_tLa isla a principios del siglo XIX--l
_tDe la ocupación haitiana a la independencia--
_tLa primera República--
_tRestauración de la República--
_tLiberalismo y dictadura--
_tMovimientos anticoloniales en las Antillas--
_tEconomía y sociedad en el siglo XIX--
_tModernización a fines del siglo XIX--
_tPensamiento y cultura--
_tCronología--
505 0 _gv. 8
_tLa República Dominicana a comienzos del siglo XX--
_tLa ocupación de Estados Unidos (1916-1924)--
_tLa dictadura de Trujillo--
_tConsolidación y crisis del régimen trujillista--
_tApertura democrática y Guerra de Abril--
_tLos doce años de Balaguer--
_tPor la senda de la democracia--
_tEl contexto caribeño y latinoamericano--
_tEl espacio y la economía--
_tPoblación y sociedad--
710 2 _aSM Dominicana
_965182
830 0 _aProyecto Sé
_922850
999 _c38407
_d38407